| 000 | 01045nam a2200289 a 4500 | ||
|---|---|---|---|
| 001 | BRCA_7288 | ||
| 005 | 20190320205800.0 | ||
| 008 | 270312s1910----gw-#######---#000-0#ger-# | ||
| 041 | _ager | ||
| 044 | _agw | ||
| 050 | 4 |
_aML410 _b.F73 1910 |
|
| 100 | 1 |
_aFrank, Paul _918033 |
|
| 245 | 1 | 0 |
_aKleines Tonkünstlerlexikon _bEnthaltend kurze Biographien der Tonkünstler früherer und neuerer zeit : für musiker und freunde der tonkunst _cherausgegeben von Paul Frank ; revidierte und vermehrte auflage, bearbeitet von Carl Kipke. |
| 250 | _a11 | ||
| 260 |
_aLeipzig _bCarl Merseburger _c1910 |
||
| 300 |
_aiv, 505 p. _c18 cm. |
||
| 440 | 0 |
_aTaschenbuch des Musikers _918034 |
|
| 500 | _aTítulo de cubierta: Paul Frank Tonkünstler: Lexikon | ||
| 500 | _aEstado físico: Lomo desprendido | ||
| 500 | _aG12 | ||
| 504 | _aBibliografía: p. [492]-505 | ||
| 650 | 1 | 4 |
_aMúsicos alemanes _vDiccionarios _918035 |
| 650 | 1 | 4 |
_aMúsicos _vBiografías _zAlemania _918036 |
| 700 | 1 |
_aKipke, Carl _eEditor _918037 |
|
| 902 | _aGFM | ||
| 942 |
_2lcc _cB |
||
| 999 |
_c6966 _d6966 |
||